[Event "2BLS 1920 SF Neuberg - SC Heusenstamm"]
[Site "?"]
[Date "2021.08.08"]
[Round "10.8"]
[White "Bethke, Robert"]
[Black "Klundt, Klaus"]
[Result "0-1"]
[WhiteElo "2100"]
[BlackElo "2308"]
[PlyCount "84"]
[EventDate "2021.??.??"]

1. c4 Nf6 2. Nc3 e6 3. d4 d5 4. Nf3 Be7 5. Bf4 O-O 6. e3 b6 7. cxd5 Nxd5 8.
Nxd5 exd5 9. Bd3 c5 10. Qc2 h6 11. O-O Nc6 12. a3 Be6 13. dxc5 bxc5 14. b4 c4
15. Bh7+ Kh8 16. b5 Na5 17. Nd4 Bd6 18. Bxd6 Qxd6 19. Bf5 Nb3 20. Nxb3 cxb3 21.
Qd3 Bxf5 22. Qxf5 Qc5 23. Qd3 Rfb8 24. a4 Qc4 25. Rfd1 a6 26. Qxd5 axb5 27. a5
b2 28. Rab1 Qxd5 29. Rxd5 Rc8 30. Rdd1 Rc2 31. g3 Rxa5 32. Kg2 b4 33. e4 Kg8
34. Rd8+ Kh7 35. Rdd1 Kg6 36. Rd6+ f6 37. Rdd1 Kf7 38. Re1 Ke8 39. h4 h5 40.
Kf3 Ra3+ 41. Kg2 Rd3 42. Kg1 Rdd2 0-1

[Event "2BLS 1920 SV Worms 1878 - SV 1920 Hofhe"]
[Site "?"]
[Date "2021.08.08"]
[Round "10.1"]
[White "Bernadskiy, Vitaliy"]
[Black "Karsay, Pascal"]
[Result "1-0"]
[WhiteElo "2594"]
[BlackElo "2265"]
[PlyCount "87"]
[EventDate "2021.??.??"]

1. e4 e5 2. Nf3 Nc6 3. Bb5 a6 4. Ba4 Nf6 5. Nc3 Bc5 6. Bxc6 dxc6 7. d3 Qe7 8.
Be3 Bd6 9. h3 Be6 10. a3 h6 11. Qe2 Nd7 12. Nd2 b6 13. O-O g5 14. Nc4 h5 15.
Nxd6+ cxd6 16. d4 g4 17. Kh2 gxh3 18. g3 Rg8 19. Rg1 exd4 20. Bxd4 c5 21. Be3
Ne5 22. f3 Qb7 23. Rad1 O-O-O 24. Bf4 Rge8 25. Bg5 Rd7 26. Bf6 Bc4 27. Qf2 d5
28. b3 d4 29. bxc4 dxc3 30. Bxe5 Rxe5 31. Qe3 Rde7 32. Rd6 R7e6 33. Rxe6 Rxe6
34. Rd1 h4 35. gxh4 Qc7+ 36. f4 Rd6 37. Rd5 Rxd5 38. cxd5 Qe7 39. Qxh3+ Kd8 40.
e5 c4 41. d6 Qf8 42. Qg2 Kd7 43. Qb7+ Ke6 44. Qe4 1-0

[Event "2BLS 1920 SV Worms 1878 - SV 1920 Hofhe"]
[Site "?"]
[Date "2021.08.08"]
[Round "10.2"]
[White "Helbig, Daniel"]
[Black "Sumets, Andrey"]
[Result "1/2-1/2"]
[WhiteElo "2222"]
[BlackElo "2546"]
[PlyCount "47"]
[EventDate "2021.??.??"]

1. e4 e6 2. d4 d5 3. e5 c5 4. c3 Nc6 5. Nf3 Bd7 6. Bd3 Rc8 7. dxc5 Bxc5 8. O-O
Nge7 9. b4 Bb6 10. Na3 Ng6 11. Nb5 O-O 12. Bg5 Nce7 13. Nd6 Rb8 14. Qc2 Bc7 15.
Nh4 Be8 16. Nxe8 Qxe8 17. f4 Rc8 18. Kh1 Bd8 19. Rae1 d4 20. Nxg6 hxg6 21. c4
Nd5 22. Qb2 Ne3 23. Rf3 Qd7 24. Rf2 {(=)} 1/2-1/2

[Event "2BLS 1920 SV Worms 1878 - SV 1920 Hofhe"]
[Site "?"]
[Date "2021.08.08"]
[Round "10.3"]
[White "Womacka, Mathias"]
[Black "Feldmann, Johannes"]
[Result "1-0"]
[WhiteElo "2425"]
[BlackElo "2216"]
[PlyCount "85"]
[EventDate "2021.??.??"]

1. e4 e5 2. Nf3 Nc6 3. Bc4 Nf6 4. d3 Be7 5. O-O O-O 6. Re1 d6 7. a4 Kh8 8. a5
a6 9. h3 Ng8 10. Nc3 f5 11. Nd5 fxe4 12. dxe4 Be6 13. c3 Qd7 14. b4 Rf7 15.
Nxc7 Qxc7 16. Bxe6 Rf6 17. Bd5 Raf8 18. Re3 Nd8 19. Qb3 Qd7 20. Rd3 Ne6 21. Ra2
Nf4 22. Bxf4 Rxf4 23. Bxg8 Rxg8 24. Re2 Qc6 25. Qd5 Qxd5 26. Rxd5 Rc8 27. Rd3
Rc6 28. Ne1 Bg5 29. g3 Rf8 30. h4 Bh6 31. Rb2 Kg8 32. Kg2 Rfc8 33. Rb3 Kf8 34.
Nc2 Ke7 35. b5 axb5 36. Rxb5 Rxc3 37. Rxb7+ Kf8 38. Rxc3 Rxc3 39. a6 Rxc2 40.
a7 Ra2 41. Rb8+ Kf7 42. a8=Q Rxa8 43. Rxa8 1-0

[Event "2BLS 1920 SV Worms 1878 - SV 1920 Hofhe"]
[Site "?"]
[Date "2021.08.08"]
[Round "10.4"]
[White "Nazarenus, Olaf"]
[Black "Gurevich, Vladimir"]
[Result "0-1"]
[WhiteElo "2053"]
[BlackElo "2473"]
[PlyCount "41"]
[EventDate "2021.??.??"]

1. d4 Nf6 2. Nc3 d5 3. Bg5 Nbd7 4. Nf3 c6 5. g3 g6 6. Bg2 Bg7 7. O-O O-O 8. Re1
Ne4 9. Nxe4 dxe4 10. Nd2 h6 11. Be3 f5 12. f3 Nb6 13. c3 Nd5 14. Nf1 Nxe3 15.
Nxe3 f4 16. gxf4 exf3 17. Bxf3 Rxf4 18. Qd3 e5 19. Ng2 Rf6 20. Qd1 exd4 21. e3
0-1

[Event "2BLS 1920 SV Worms 1878 - SV 1920 Hofhe"]
[Site "?"]
[Date "2021.08.08"]
[Round "10.5"]
[White "Zude, Arno"]
[Black "Steinkohl, Thomas"]
[Result "1-0"]
[WhiteElo "2364"]
[BlackElo "2194"]
[PlyCount "79"]
[EventDate "2021.??.??"]

1. e4 e5 2. Nf3 Nc6 3. Bb5 a6 4. Ba4 Nf6 5. O-O Be7 6. Re1 b5 7. Bb3 d6 8. a4
b4 9. d4 Bg4 10. dxe5 Nxe5 11. Nbd2 O-O 12. h3 Bh5 13. g4 Bg6 14. Nxe5 dxe5 15.
Qe2 a5 16. f3 Nd7 17. Nc4 c6 18. Be3 Qc7 19. Qf2 Kh8 20. Red1 f6 21. Rd2 c5 22.
Rad1 Be8 23. Rd5 Rc8 24. Rd6 Bxd6 25. Nxd6 Rd8 26. Nb5 Qb8 27. Rd6 Bg6 28. Kg2
Rfe8 29. h4 h5 30. g5 Nf8 31. Bxc5 Rxd6 32. Bxd6 Qc8 33. Qb6 Ne6 34. gxf6 gxf6
35. Kf1 Nf4 36. Ke1 Qh3 37. Qf2 Rd8 38. Bc4 Be8 39. Bf1 Qc8 40. Be7 1-0

[Event "2BLS 1920 SV Worms 1878 - SV 1920 Hofhe"]
[Site "?"]
[Date "2021.08.08"]
[Round "10.6"]
[White "Ollenberger, Roland"]
[Black "Weber, Ulrich"]
[Result "1/2-1/2"]
[WhiteElo "2232"]
[BlackElo "2365"]
[PlyCount "87"]
[EventDate "2021.??.??"]

1. e4 c5 2. Nf3 d6 3. d4 cxd4 4. Nxd4 Nf6 5. Nc3 a6 6. Be3 e5 7. Nb3 Be6 8. f3
h5 9. Nd5 Bxd5 10. exd5 Nbd7 11. Qd2 Qc7 12. c4 a5 13. Qf2 g6 14. Be2 b6 15.
O-O Bg7 16. Kh1 O-O 17. Qh4 Rfe8 18. Nd2 Nc5 19. g4 e4 20. f4 Nxg4 21. Bxg4
hxg4 22. f5 Qd7 23. f6 Bh8 24. Rf4 Re5 25. Bxc5 bxc5 26. Nxe4 Rh5 27. Qg3 Re8
28. Rxg4 Rhe5 29. Qg2 Qxg4 30. Qxg4 Rxe4 31. Qf3 Rxc4 32. Rg1 Re5 33. Rf1 Rc2
34. Rf2 Rc1+ 35. Rf1 Rc2 36. Qb3 Ree2 37. Qb8+ Kh7 38. Qxd6 Rxb2 39. Qc7 Bxf6
40. Qxf7+ Bg7 41. Qf4 Be5 42. Qh4+ Kg7 43. Qe7+ Kh6 44. Qh4+ 1/2-1/2

[Event "2BLS 1920 SV Worms 1878 - SV 1920 Hofhe"]
[Site "?"]
[Date "2021.08.08"]
[Round "10.7"]
[White "Burkart, Patrick"]
[Black "Schluchter, Steffen"]
[Result "1-0"]
[WhiteElo "2322"]
[BlackElo "2107"]
[PlyCount "37"]
[EventDate "2021.??.??"]

1. d4 Nf6 2. Nf3 c5 3. d5 e6 4. Nc3 exd5 5. Nxd5 Nxd5 6. Qxd5 Be7 7. e4 O-O 8.
Bc4 Nc6 9. Bf4 b5 10. Be2 Qb6 11. O-O Bb7 12. Qxd7 Rac8 13. Rfd1 Rfd8 14. Qg4
Nb4 15. c3 Nc2 16. Rac1 h5 17. Qxh5 g6 18. Qh6 Bxe4 19. Be5 1-0

[Event "2BLS 1920 SV Worms 1878 - SV 1920 Hofhe"]
[Site "?"]
[Date "2021.08.08"]
[Round "10.8"]
[White "Martin, Mike"]
[Black "Tischendorf, Michael"]
[Result "1-0"]
[WhiteElo "2142"]
[BlackElo "2158"]
[PlyCount "55"]
[EventDate "2021.??.??"]

1. c4 f5 2. g3 Nf6 3. Bg2 d6 4. Nc3 e5 5. d3 Be7 6. e4 c6 7. Nge2 O-O 8. O-O a5
9. f4 Qb6+ 10. Kh1 Ng4 11. Qe1 Ne3 12. Qf2 Nxc4 13. dxc4 Qc7 14. fxe5 dxe5 15.
Be3 Be6 16. b3 Nd7 17. exf5 Bxf5 18. Qg1 Rae8 19. Ne4 h6 20. N2c3 Rf7 21. Rad1
Bb4 22. h3 Ref8 23. g4 Bg6 24. Rxf7 Rxf7 25. Ne2 Rf8 26. N2g3 Rf7 27. c5 Nf8
28. Bc1 1-0